000 00666nam a2200169 i 4500
001 66242
003 ES-MaACL
005 20230906165558.0
007 t|
008 040129s1908 sp ||||1| spa d
100 1 _aGalbis y Rodríguez, José.
_953343
245 1 0 _aEnsayo de los métodos fotogramétricos en el término municipal de Otero de Herreros (Provincia de Segovia) /
_cpor José Galbis y Rodríguez.
260 _aMadrid :
_b[s.n.],
_c1908 (
_fImp. del Instituto Geográfico y Estadístico)
300 _a106 p., 12 lám. ;
_c27 cm.
594 _aPrecede al tít.: Dirección general de Instituto Geográfico y Estadistico.
852 _aES-MaACL
_j1699-F-3
999 _c66242
_d66242